| 000 | 00351nam a2200133Ia 4500 | ||
|---|---|---|---|
| 008 | 240624s9999 xx 000 0 und d | ||
| 041 | _aeng | ||
| 082 | _a658.7 HOO | ||
| 100 | _aLEE KI HOON | ||
| 245 | _aBUSINESS VALUE AND SUSTAINABILITY AN INT | ||
| 260 |
_c2016 _aLondon _bPalgrave Macmillan |
||
| 300 | _axxiii, 308 p.; 23 cm. | ||
| 365 |
_cERU _b31 |
||
| 999 |
_c30070 _d30070 |
||